Statistics for Alice in Wonderland - All in the Golden Afternoon Lyrics

Click here to take the quiz!

General Stats

  • This quiz has been taken 32 times
  • The average score is 64 of 103

Answer Stats

Answer% Correct
a
100%
In
100%
in
100%
the
100%
afternoon
96%
golden
96%
and
89%
And
89%
All
85%
all
85%
You
85%
can
74%
of
74%
flowers
67%
from
67%
June
67%
learn
63%
month
63%
especially
59%
lot
59%
things
59%
kiss
52%
There
52%
tulips
52%
butterflies
48%
bread
44%
dog
44%
For
44%
lazy
44%
are
41%
caterpillars
41%
happiness
41%
is
41%
Little
41%
There's
41%
centipede
37%
on
37%
daffodils
33%
daisies
33%
morning
33%
sun
33%
Tiger
33%
balloon
30%
love
30%
Where
30%
like
26%
lilies
26%
peaceful
26%
romance
26%
hillside
22%
life
22%
very
22%
violets
22%
wealth
22%
copper
19%
dandy
19%
get
19%
glories
19%
lions
19%
Strings
19%
toy
19%
tune
19%
dizzy
15%
up
15%

Score Distribution

Percentile by Number Answered

Percent of People with Each Score

Your Score History

You have not taken this quiz